Círculos de estudios de la academia judicial. Materias civil y penal

Guardat en:
Dades bibliogràfiques
Altres autors: Hernández Paulsen, Gabriel (Editor), Vargas Pinto, Tatiana (autora), Marchant Lillo, Cristián Rodrigo (autor), Rodríguez Muñoz, Eduardo Hilario (autor), García Muñoz, Pedro Enrique (autor), Rivas Vargas, Carola Paz (autora), Caro Romero, Pedro Salvador Jesús (autor), Baldomino Díaz, Raúl Andrés (autor), Núñez Romero, Germán Manuel (autor), Hermosilla Iriarte, Francisco Antonio (autor), Boutaud Mejías, Vania (autora), Ayala Leguas, José Luis (autor), Muñoz Chamorro, Manuel (autor)
Format: Desconegut
Idioma:anglès
Publicat: Santiago, Chile: Edciones Der, 2021
Edició:Primera edición
Col·lecció:AJ
Matèries:
Etiquetes: Afegir etiqueta
Sense etiquetes, Sigues el primer a etiquetar aquest registre!

MARC

LEADER 00000 a2200000 4500
003 CL-VaPUC
005 20240801131431.0
008 211210b2021 ||||| |||| 00| 0 eng d
999 |c 434288  |d 434286 
020 |a 978-956-405-019-5 
040 |c Pontificia Universidad Católica de Valparaíso 
082 0 4 |2 21  |a 340.83 HER 2021 
100 1 |a Hernández Paulsen, Gabriel  |9 245686  |e editor 
245 1 0 |a Círculos de estudios de la academia judicial.   |b Materias civil y penal 
250 |a Primera edición 
260 |a Santiago, Chile:  |b Edciones Der,  |c 2021 
300 |a 417 páginas 
490 0 |a AJ 
583 |k Sebastián Perez  |c 20211210 
650 1 |a Derecho civil  |x Responsabilidad civil  |z Chile  |9 867283 
650 1 |a Derecho penal  |x Imputación penal  |z Chile  |9 867284 
700 |a Vargas Pinto, Tatiana  |e autora  |9 814205 
700 |a Marchant Lillo, Cristián Rodrigo  |e autor  |9 867285 
700 |a Rodríguez Muñoz, Eduardo Hilario   |e autor  |9 867286 
700 |a García Muñoz, Pedro Enrique  |e autor  |9 867287 
700 |a Rivas Vargas, Carola Paz   |e autora  |9 867288 
700 |a Caro Romero, Pedro Salvador Jesús  |e autor  |9 867289 
700 |a Baldomino Díaz, Raúl Andrés   |e autor  |9 867290 
700 |a Núñez Romero, Germán Manuel   |e autor  |9 867291 
700 |a Hermosilla Iriarte, Francisco Antonio   |e autor  |9 737495 
700 |a Boutaud Mejías, Vania   |e autora  |9 867292 
700 |a Ayala Leguas, José Luis  |e autor  |9 867293 
700 |a Muñoz Chamorro, Manuel   |e autor  |9 867294 
942 |2 ddc  |c BK 
952 |0 0  |1 0  |2 ddc  |4 0  |6 340_830000000000000_HER_2021  |7 0  |8 A  |9 579496  |a BIBDER  |b BIBDER  |d 2021-12-03  |e 22  |g 25000.00  |i 5628350  |o 340.83 HER 2021  |p 5628350  |r 2023-01-25  |t 1  |v 25000.00  |w 2021-12-09  |y BK  |k DER